| 000 | 00641nam a2200229Ia 4500 | ||
|---|---|---|---|
| 008 | 160319s9999 xx 000 0 und d | ||
| 020 | _a971-08-2169-5 | ||
| 050 | _aFIL LB 1051 | ||
| 050 | _b.L87 2004 | ||
| 100 | _aLupdag, Anselmo D. | ||
| 245 | _aEducational psychology / | ||
| 245 | _cAnselmo D. Lupdag. | ||
| 260 | _aMandaluyong: | ||
| 260 | _bNational Book Store, | ||
| 260 | _c2004 | ||
| 300 | _a264 pages : | ||
| 300 | _billustrations ; | ||
| 300 | _c22 cm. | ||
| 500 | _aIncludes bibliographical references and index. | ||
| 650 | _aEducational psychology -- Study and teaching. | ||
| 650 | _xEducational psychology. | ||
| 999 |
_c291626 _d291626 |
||